[Event "DEM U14w 2022"]
[Site "Willingen GER"]
[Date "2022.06.05"]
[Round "1"]
[White "Peglau, Dora"]
[Black "Hergenröder, Cora"]
[Result "1-0"]
[Termination "normal"]
[Board "1"]
[WhiteElo "2008"]
[BlackElo "1398"]
[WhiteClock "00:33:29"]
[BlackClock "00:14:20"]
[PlyCount "89"]
[WhiteFideId "16220005"]
[BlackFideId "34603700"]
[EventCountry "GER"]
[EventRounds "9"]
[EventType "swiss"]
[EventDate "2022.06.04"]

1. d4 {[%clk 1:30:57]} d5 {[%clk 1:30:55]} 2. Nd2 {[%clk 1:31:16]} Nf6 {[%clk
1:30:55]} 3. Ngf3 {[%clk 1:31:27]} e6 {[%clk 1:30:19]} 4. c4 {[%clk 1:31:11]}
Be7 {[%clk 1:28:37]} 5. g3 {[%clk 1:30:56]} O-O {[%clk 1:27:33]} 6. Bg2 {[%clk
1:30:55]} c5 {[%clk 1:26:34]} 7. O-O {[%clk 1:24:41]} Nc6 {[%clk 1:19:53]} 8.
dxc5 {[%clk 1:21:59]} Bxc5 {[%clk 1:09:42]} 9. cxd5 {[%clk 1:16:30]} Nxd5
{[%clk 1:04:22]} 10. a3 {[%clk 1:13:49]} Be7 {[%clk 0:57:56]} 11. Qc2 {[%clk
1:10:57]} Qb6 {[%clk 0:49:19]} 12. Nc4 {[%clk 1:05:29]} Qc7 {[%clk 0:47:10]}
13. e4 {[%clk 1:03:04]} Nf6 {[%clk 0:42:04]} 14. Bf4 {[%clk 1:02:54]} Qd8
{[%clk 0:42:06]} 15. Rfd1 {[%clk 1:02:57]} Bd7 {[%clk 0:37:45]} 16. Nfe5 {[%clk
0:56:06]} Qc8 {[%clk 0:30:53]} 17. Nxd7 Nxd7 {[%clk 0:31:06]} 18. Nd6 {[%clk
0:46:56]} Bxd6 {[%clk 0:31:05]} 19. Bxd6 {[%clk 0:46:40]} Re8 {[%clk 0:28:55]}
20. Rac1 {[%clk 0:44:54]} e5 {[%clk 0:25:14]} 21. Bh3 {[%clk 0:44:20]} Rd8
{[%clk 0:21:04]} 22. Qd2 {[%clk 0:41:36]} Re8 {[%clk 0:14:26]} 23. Bb4 {[%clk
0:37:16]} Qd8 {[%clk 0:13:43]} 24. Qxd7 {[%clk 0:35:41]} Qxd7 {[%clk 0:13:26]}
25. Bxd7 {[%clk 0:35:54]} Red8 {[%clk 0:13:37]} 26. Bxc6 {[%clk 0:35:42]} Rxd1+
{[%clk 0:13:39]} 27. Rxd1 {[%clk 0:36:07]} bxc6 28. Rd7 {[%clk 0:35:49]} h6
{[%clk 0:13:49]} 29. Kf1 {[%clk 0:35:49]} f6 {[%clk 0:13:38]} 30. Ke2 {[%clk
0:36:08]} a6 {[%clk 0:13:25]} 31. Kd3 {[%clk 0:36:14]} Kh7 {[%clk 0:12:59]} 32.
Bd6 {[%clk 0:35:16]} Kg6 {[%clk 0:12:51]} 33. Kc4 {[%clk 0:35:13]} Rg8 {[%clk
0:11:56]} 34. b4 {[%clk 0:34:34]} Kg5 {[%clk 0:12:10]} 35. h3 {[%clk 0:34:24]}
h5 {[%clk 0:12:18]} 36. f4+ {[%clk 0:33:49]} exf4 {[%clk 0:12:24]} 37. Bxf4+
{[%clk 0:34:08]} Kg6 {[%clk 0:12:43]} 38. e5 {[%clk 0:32:17]} fxe5 {[%clk
0:12:57]} 39. Bxe5 {[%clk 0:32:39]} Kh6 {[%clk 0:13:15]} 40. Rd6+ {[%clk
0:32:12]} Kh7 {[%clk 0:13:32]} 41. Rxc6 {[%clk 0:32:34]} Re8 {[%clk 0:13:43]}
42. Bd4 {[%clk 0:32:48]} Ra8 {[%clk 0:13:51]} 43. Rc7 {[%clk 0:33:05]} Rg8
{[%clk 0:14:07]} 44. a4 {[%clk 0:33:14]} Kh6 {[%clk 0:14:20]} 45. Rc6+ {[%clk
0:33:29]} 1-0

[Event "DEM U14w 2022"]
[Site "Willingen GER"]
[Date "2022.06.05"]
[Round "1"]
[White "Göb, Franziska"]
[Black "Jacobasch, Ronja"]
[Result "0-1"]
[Termination "normal"]
[Board "8"]
[WhiteElo "1362"]
[BlackElo "1467"]
[WhiteClock "00:12:42"]
[BlackClock "00:16:21"]
[PlyCount "74"]
[WhiteFideId "16293177"]
[BlackFideId "34604340"]
[EventCountry "GER"]
[EventRounds "9"]
[EventType "swiss"]
[EventDate "2022.06.04"]

1. e4 {[%clk 1:30:59]} g6 {[%clk 1:30:48]} 2. d4 {[%clk 1:31:10]} Bg7 {[%clk
1:30:17]} 3. f4 {[%clk 1:28:17]} d6 {[%clk 1:29:47]} 4. a3 {[%clk 1:25:45]} Nd7
{[%clk 1:28:11]} 5. Nf3 {[%clk 1:20:56]} c6 {[%clk 1:22:12]} 6. Nc3 {[%clk
1:17:32]} Qc7 {[%clk 1:19:17]} 7. Be3 {[%clk 1:10:03]} e5 {[%clk 1:14:58]} 8.
Bd3 {[%clk 1:02:39]} Ngf6 {[%clk 1:10:02]} 9. h3 {[%clk 0:52:01]} O-O {[%clk
1:03:31]} 10. g4 {[%clk 0:46:00]} exf4 {[%clk 0:57:52]} 11. Bxf4 {[%clk
0:44:03]} Re8 {[%clk 0:54:49]} 12. Qd2 {[%clk 0:39:50]} Nd5 {[%clk 0:47:36]}
13. O-O-O {[%clk 0:29:53]} Nxf4 {[%clk 0:45:47]} 14. Qxf4 {[%clk 0:30:03]} Nf6
{[%clk 0:41:48]} 15. e5 {[%clk 0:25:49]} dxe5 {[%clk 0:36:56]} 16. Nxe5 {[%clk
0:24:04]} Nd5 {[%clk 0:33:55]} 17. Nxd5 {[%clk 0:22:18]} cxd5 {[%clk 0:33:56]}
18. Bb5 {[%clk 0:18:45]} Bxe5 {[%clk 0:29:40]} 19. dxe5 {[%clk 0:18:29]} Qxe5
{[%clk 0:27:55]} 20. Rhf1 {[%clk 0:16:20]} Qxf4+ {[%clk 0:20:00]} 21. Rxf4
{[%clk 0:16:25]} Re5 {[%clk 0:19:10]} 22. c4 {[%clk 0:14:13]} a6 {[%clk
0:18:21]} 23. Ba4 {[%clk 0:13:25]} Be6 {[%clk 0:16:02]} 24. Bb3 {[%clk
0:10:42]} dxc4 {[%clk 0:15:46]} 25. Bxc4 {[%clk 0:11:00]} Rc5 {[%clk 0:14:21]}
26. b3 b5 {[%clk 0:14:11]} 27. Kb2 {[%clk 0:09:32]} bxc4 {[%clk 0:14:21]} 28.
bxc4 {[%clk 0:09:52]} Rxc4 {[%clk 0:14:04]} 29. Rxc4 {[%clk 0:10:16]} Bxc4
{[%clk 0:14:30]} 30. Rd7 {[%clk 0:10:28]} Be6 {[%clk 0:14:23]} 31. Rd4 {[%clk
0:10:39]} Rb8+ {[%clk 0:14:38]} 32. Rb4 {[%clk 0:11:00]} Rxb4+ {[%clk 0:14:59]}
33. axb4 {[%clk 0:11:25]} Kg7 {[%clk 0:15:14]} 34. Kc3 {[%clk 0:11:50]} Kf6
{[%clk 0:15:37]} 35. Kd4 {[%clk 0:12:13]} h5 {[%clk 0:15:31]} 36. Ke4 {[%clk
0:12:24]} hxg4 {[%clk 0:15:55]} 37. hxg4 {[%clk 0:12:42]} Bxg4 {[%clk 0:16:21]}
0-1

[Event "DEM U14w 2022"]
[Site "Willingen GER"]
[Date "2022.06.05"]
[Round "2"]
[White "Fock, Madiha"]
[Black "Peglau, Dora"]
[Result "0-1"]
[Termination "normal"]
[Board "1"]
[WhiteElo "1468"]
[BlackElo "2008"]
[WhiteClock "00:14:52"]
[BlackClock "00:37:46"]
[PlyCount "56"]
[WhiteFideId "16253574"]
[BlackFideId "16220005"]
[EventCountry "GER"]
[EventRounds "9"]
[EventType "swiss"]
[EventDate "2022.06.04"]

1. e4 {[%clk 1:30:59]} c5 {[%clk 1:30:51]} 2. Nf3 {[%clk 1:31:24]} e6 {[%clk
1:31:12]} 3. g3 {[%clk 1:31:47]} Nc6 {[%clk 1:30:53]} 4. Bg2 {[%clk 1:32:10]}
a6 {[%clk 1:30:42]} 5. O-O {[%clk 1:29:00]} b5 {[%clk 1:30:39]} 6. d3 {[%clk
1:23:52]} Bb7 {[%clk 1:29:54]} 7. Qe2 {[%clk 1:20:55]} d6 {[%clk 1:26:55]} 8.
Be3 {[%clk 1:12:10]} Nf6 {[%clk 1:26:22]} 9. Nfd2 {[%clk 1:08:20]} Be7 {[%clk
1:21:10]} 10. f4 {[%clk 1:05:37]} O-O {[%clk 1:20:14]} 11. c4 {[%clk 0:52:36]}
d5 {[%clk 1:13:39]} 12. e5 {[%clk 0:48:39]} Ne8 {[%clk 1:11:32]} 13. cxb5
{[%clk 0:41:39]} axb5 {[%clk 1:11:49]} 14. Bf2 {[%clk 0:39:26]} c4 {[%clk
1:07:17]} 15. dxc4 {[%clk 0:36:39]} bxc4 {[%clk 1:07:37]} 16. Rd1 {[%clk
0:34:05]} Ba6 {[%clk 1:02:40]} 17. Nc3 {[%clk 0:31:17]} Qc8 {[%clk 0:59:34]}
18. Nf3 {[%clk 0:29:41]} Nb4 {[%clk 0:53:59]} 19. Ne1 {[%clk 0:26:56]} Bc5
{[%clk 0:51:50]} 20. a3 {[%clk 0:24:49]} Bxf2+ {[%clk 0:49:52]} 21. Qxf2 {[%clk
0:24:24]} Nc6 {[%clk 0:50:02]} 22. Nf3 {[%clk 0:23:40]} Qb7 {[%clk 0:48:38]}
23. Na4 {[%clk 0:21:40]} Nc7 {[%clk 0:41:26]} 24. Nc5 {[%clk 0:18:37]} Qb5
{[%clk 0:38:13]} 25. Nxa6 {[%clk 0:15:42]} Nxa6 {[%clk 0:38:14]} 26. Nd4 {[%clk
0:15:09]} Nxd4 {[%clk 0:38:30]} 27. Qxd4 {[%clk 0:15:10]} Nc5 {[%clk 0:37:51]}
28. Bf1 {[%clk 0:14:52]} Nb3 {[%clk 0:37:46]} 0-1

[Event "DEM U14w 2022"]
[Site "Willingen GER"]
[Date "2022.06.06"]
[Round "3"]
[White "Peglau, Dora"]
[Black "Jacobasch, Ronja"]
[Result "1-0"]
[Termination "normal"]
[Board "1"]
[WhiteElo "2008"]
[BlackElo "1467"]
[WhiteClock "00:37:50"]
[BlackClock "00:30:30"]
[PlyCount "72"]
[WhiteFideId "16220005"]
[BlackFideId "34604340"]
[EventCountry "GER"]
[EventRounds "9"]
[EventType "swiss"]
[EventDate "2022.06.04"]

1. d4 {[%clk 1:30:57]} Nf6 {[%clk 1:30:54]} 2. c4 {[%clk 1:30:20]} g6 {[%clk
1:31:12]} 3. f3 {[%clk 1:29:42]} Bg7 {[%clk 1:31:23]} 4. e4 {[%clk 1:30:09]} d6
{[%clk 1:31:41]} 5. Nc3 {[%clk 1:30:34]} O-O {[%clk 1:32:00]} 6. Be3 {[%clk
1:31:01]} a6 {[%clk 1:31:11]} 7. Qd2 {[%clk 1:30:42]} Nbd7 {[%clk 1:30:52]} 8.
Nh3 {[%clk 1:30:50]} c5 {[%clk 1:30:23]} 9. Nf2 {[%clk 1:29:00]} cxd4 {[%clk
1:28:27]} 10. Bxd4 {[%clk 1:29:22]} Ne5 {[%clk 1:17:47]} 11. Be2 {[%clk
1:23:22]} Be6 {[%clk 1:16:25]} 12. b3 {[%clk 1:22:34]} Qc7 {[%clk 1:02:01]} 13.
O-O {[%clk 1:20:44]} Nc6 {[%clk 1:00:33]} 14. Be3 {[%clk 1:19:02]} Rac8 {[%clk
0:55:28]} 15. Rac1 {[%clk 1:18:49]} Qb8 {[%clk 0:50:18]} 16. Nd3 {[%clk
1:13:55]} Bd7 {[%clk 0:42:25]} 17. f4 {[%clk 1:13:21]} e6 {[%clk 0:34:32]} 18.
g4 {[%clk 1:05:50]} e5 {[%clk 0:28:24]} 19. f5 {[%clk 1:03:43]} Rfe8 {[%clk
0:25:57]} 20. g5 {[%clk 1:01:40]} Nh5 {[%clk 0:25:05]} 21. Bxh5 {[%clk
1:00:51]} gxh5 {[%clk 0:25:29]} 22. Qe2 {[%clk 0:57:43]} f6 {[%clk 0:18:55]}
23. gxf6 {[%clk 0:56:05]} Bxf6 {[%clk 0:18:13]} 24. Nd5 {[%clk 0:56:16]} Rf8
{[%clk 0:13:05]} 25. Bh6 {[%clk 0:52:33]} Kh8 {[%clk 0:02:54]} 26. Bxf8 {[%clk
0:51:09]} Rxf8 {[%clk 0:03:13]} 27. Nxf6 {[%clk 0:48:46]} Rxf6 {[%clk 0:03:30]}
28. Qxh5 {[%clk 0:48:11]} Qg8+ {[%clk 0:02:24]} 29. Kh1 {[%clk 0:48:22]} Be8
{[%clk 0:02:12]} 30. Qh4 {[%clk 0:48:37]} Qf8 {[%clk 0:01:43]} 31. Rf2 {[%clk
0:43:05]} Nd4 {[%clk 0:01:37]} 32. Rg1 {[%clk 0:41:58]} Rf7 {[%clk 0:01:00]}
33. Rfg2 {[%clk 0:40:21]} Nc6 {[%clk 0:00:43]} 34. Qg3 {[%clk 0:38:07]} Ne7
{[%clk 0:01:01]} 35. Nxe5 {[%clk 0:38:00]} Rf6 {[%clk 0:00:37]} 36. Ng4 {[%clk
0:37:50]} Rf7 {[%clk 0:30:30]} 1-0

[Event "DEM U14w 2022"]
[Site "Willingen GER"]
[Date "2022.06.06"]
[Round "3"]
[White "Heuberger, Sandra"]
[Black "Steinlechner, Katja"]
[Result "0-1"]
[Termination "normal"]
[Board "12"]
[WhiteElo "1101"]
[BlackElo "1326"]
[WhiteClock "00:02:27"]
[BlackClock "00:01:32"]
[PlyCount "84"]
[WhiteFideId "16232151"]
[BlackFideId "16265173"]
[EventCountry "GER"]
[EventRounds "9"]
[EventType "swiss"]
[EventDate "2022.06.04"]

1. d4 {[%clk 1:30:56]} d5 {[%clk 1:30:52]} 2. c4 {[%clk 1:31:23]} e6 {[%clk
1:31:13]} 3. Nc3 {[%clk 1:31:47]} Nf6 {[%clk 1:30:32]} 4. Bg5 {[%clk 1:32:04]}
Be7 {[%clk 1:30:51]} 5. e3 {[%clk 1:32:25]} O-O {[%clk 1:30:45]} 6. Nf3 {[%clk
1:32:39]} h6 {[%clk 1:30:04]} 7. Bh4 {[%clk 1:32:48]} Ne4 {[%clk 1:29:25]} 8.
Bxe7 {[%clk 1:30:30]} Qxe7 {[%clk 1:29:07]} 9. cxd5 {[%clk 1:29:02]} Nxc3
{[%clk 1:28:42]} 10. bxc3 {[%clk 1:29:24]} exd5 {[%clk 1:28:45]} 11. Bd3 {[%clk
1:28:38]} b6 {[%clk 1:21:35]} 12. O-O {[%clk 1:25:43]} Be6 {[%clk 1:13:20]} 13.
Re1 {[%clk 1:19:43]} Nd7 {[%clk 1:06:12]} 14. e4 {[%clk 1:08:53]} Qd6 {[%clk
0:56:02]} 15. Qc2 {[%clk 0:58:08]} c5 {[%clk 0:50:04]} 16. exd5 {[%clk
0:50:14]} Bxd5 {[%clk 0:43:14]} 17. Be4 {[%clk 0:45:27]} Nf6 {[%clk 0:37:03]}
18. Bxd5 {[%clk 0:40:22]} Nxd5 {[%clk 0:29:13]} 19. Rad1 {[%clk 0:36:20]} Qg6
{[%clk 0:23:39]} 20. Qd2 {[%clk 0:34:03]} cxd4 {[%clk 0:20:55]} 21. Ne5 {[%clk
0:30:47]} Qg5 {[%clk 0:15:57]} 22. Qxd4 {[%clk 0:29:46]} Rad8 {[%clk 0:13:41]}
23. Nc6 {[%clk 0:25:00]} Nf4 {[%clk 0:09:59]} 24. Qe4 {[%clk 0:23:43]} Nh3+
{[%clk 0:07:09]} 25. Kf1 {[%clk 0:23:04]} Rxd1 {[%clk 0:03:55]} 26. Rxd1 {[%clk
0:22:59]} Qb5+ {[%clk 0:03:25]} 27. Ke1 {[%clk 0:19:46]} Ng5 {[%clk 0:02:49]}
28. Nxa7 {[%clk 0:14:43]} Qa6 {[%clk 0:02:10]} 29. Qe7 {[%clk 0:14:07]} Qxa2
{[%clk 0:02:09]} 30. Nc6 {[%clk 0:10:37]} Qe6+ {[%clk 0:02:02]} 31. Qxe6 {[%clk
0:10:42]} Nxe6 {[%clk 0:02:11]} 32. Rb1 {[%clk 0:10:22]} Ra8 {[%clk 0:01:21]}
33. Rxb6 {[%clk 0:09:50]} Ra1+ {[%clk 0:01:42]} 34. Ke2 {[%clk 0:10:09]} Ra2+
{[%clk 0:02:03]} 35. Ke3 {[%clk 0:10:13]} Ra3 {[%clk 0:02:06]} 36. Ne7+ {[%clk
0:08:49]} Kh7 {[%clk 0:02:17]} 37. Nd5 {[%clk 0:09:11]} Nc7 {[%clk 0:01:58]}
38. Kd4 {[%clk 0:03:16]} Nxd5 {[%clk 0:02:05]} 39. Kxd5 {[%clk 0:03:16]} Rxc3
{[%clk 0:02:23]} 40. Rb7 {[%clk 0:03:34]} Rc2 {[%clk 0:02:06]} 41. Rxf7 {[%clk
0:03:49]} Kg6 {[%clk 0:01:18]} 42. g3 {[%clk 0:02:27]} Kxf7 {[%clk 0:01:32]}
0-1

[Event "DEM U14w 2022"]
[Site "Willingen GER"]
[Date "2022.06.06"]
[Round "3"]
[White "Funke, Luise"]
[Black "Modali, Nikhilamrutha"]
[Result "0-1"]
[Termination "normal"]
[Board "14"]
[WhiteElo "970"]
[BlackElo "1266"]
[WhiteClock "01:01:28"]
[BlackClock "00:40:07"]
[PlyCount "48"]
[WhiteFideId "34623752"]
[BlackFideId "16282370"]
[EventCountry "GER"]
[EventRounds "9"]
[EventType "swiss"]
[EventDate "2022.06.04"]

1. e4 {[%clk 1:30:58]} c5 {[%clk 1:30:54]} 2. Nf3 {[%clk 1:31:19]} e6 {[%clk
1:31:21]} 3. d4 {[%clk 1:31:40]} cxd4 {[%clk 1:31:46]} 4. Nxd4 {[%clk 1:32:02]}
Nc6 {[%clk 1:32:12]} 5. Nc3 {[%clk 1:32:23]} a6 {[%clk 1:32:37]} 6. Be3 {[%clk
1:32:34]} Nf6 {[%clk 1:32:15]} 7. Qd2 {[%clk 1:32:49]} Bb4 {[%clk 1:32:14]} 8.
O-O-O {[%clk 1:32:48]} Nxe4 {[%clk 1:31:36]} 9. Qd3 {[%clk 1:32:39]} Nxc3
{[%clk 1:28:27]} 10. bxc3 Ba3+ {[%clk 1:27:07]} 11. Kb1 {[%clk 1:29:06]} O-O
12. g4 Ne5 {[%clk 1:03:39]} 13. Qe4 {[%clk 1:27:51]} Ng6 {[%clk 1:03:21]} 14.
f4 {[%clk 1:25:34]} d5 {[%clk 1:02:04]} 15. Qf3 {[%clk 1:23:22]} Qc7 {[%clk
0:55:35]} 16. Rd3 {[%clk 1:22:15]} e5 {[%clk 0:53:25]} 17. Qxd5 {[%clk
1:16:13]} exd4 {[%clk 0:52:16]} 18. Qxd4 {[%clk 1:15:05]} Bxg4 {[%clk 0:49:18]}
19. c4 {[%clk 1:11:20]} Rad8 {[%clk 0:42:28]} 20. Qe4 Rfe8 {[%clk 0:39:36]} 21.
Qg2 {[%clk 1:07:04]} Rxe3 22. Rxd8+ {[%clk 1:03:50]} Qxd8 {[%clk 0:39:59]} 23.
Bd3 {[%clk 1:01:21]} Qb6+ {[%clk 0:40:07]} 24. Ka1 {[%clk 1:01:28]} Qb2# 0-1